| 000 | 00718cab a2200253 4500 | ||
|---|---|---|---|
| 001 | WB2634-16 | ||
| 008 | 090401t1990 xxu||||| |||| 00| 0 eng d | ||
| 035 | _a(Sirsi) u51734 | ||
| 041 | _aeng | ||
| 245 | _aPredator fund launched | ||
| 260 | _c1990 | ||
| 350 | _a0 | ||
| 490 |
_aFinancial Adviser _vno 169, 30/8/90 p5 |
||
| 520 | _aJohnson Fry has launched an assured tenancy predator fund which aims to buy properties in the south east from hard-up housebuilders or liquidators trying to realise assets. | ||
| 650 | _aBES | ||
| 650 | _aCONTRACTORS | ||
| 650 | _aLIQUIDATION | ||
| 650 | _aMARKET | ||
| 650 | _aRECESSION | ||
| 650 | _aSLUMP | ||
| 690 | _aHOUSING | ||
| 942 | _n0 | ||
| 948 | _c04/03/1997 | ||
| 999 |
_c32103 _d32103 |
||